000
00267nam a22001217a 4500
008
180903b xxu||||| |||| 00| 0 eng d
041
_a
eng
080
_a
038
100
_a
23
101
_a
FJA
245
_a
Webster's New World Dictionary
_c
Webster
942
_2
udc
_c
BK
999
_c
47450
_d
47450